Gazdasági szervezet IT rendszerfejlesztés - Azonnali fizetési rendszer (IG3)

Bibliográfiai részletek
Szerző: Somogyi Bence
További közreműködők: Dobák Dr. Dóra Éva
Nagy Lenke
Dokumentumtípus: Diplomadolgozat
Kulcsszavak:azonnali fizetési rendszer
IG3
forintutalás
Online Access:http://dolgozattar.uni-bge.hu/22511

MARC

LEADER 00000nta a2200000 i 4500
001 dolg22511
005 20190516163811.0
008 190516suuuu hu om 000 hun d
040 |a BGE Dolgozattár Repozitórium  |b hun 
041 |a hu 
100 1 |a Somogyi Bence 
245 1 0 |a Gazdasági szervezet IT rendszerfejlesztés - Azonnali fizetési rendszer (IG3)  |c Somogyi Bence  |h [elektronikus dokumentum] 
695 |a azonnali fizetési rendszer 
695 |a IG3 
695 |a forintutalás 
700 1 |a Dobák Dr. Dóra Éva  |e ths 
700 1 |a Nagy Lenke  |e ths 
856 4 0 |u http://dolgozattar.uni-bge.hu/22511/7/szakdolg190516_2.pdf.pdf  |z Dokumentum-elérés 
856 4 0 |u http://dolgozattar.uni-bge.hu/22511/8/Somogyi%20Bence%20titkos%C3%ADt%C3%A1s.pdf  |z Dokumentum-elérés